| 000 | 00748nam a22002177a 4500 | ||
|---|---|---|---|
| 999 |
_c20578 _d20578 |
||
| 003 | AR-CdUCM | ||
| 008 | 190531b ||||| |||| 00| 0 spa d | ||
| 040 |
_aMUNICIPALIDAD PROVINCIAL DEL CUSCO _cBIBLIOTECA MUNICIPAL DEL CUSCO |
||
| 082 |
_a840.9 / _bT267 |
||
| 100 |
_aTel Quel _943018 |
||
| 245 | _aTeoría de conjunto / | ||
| 260 |
_aBarcelona : _bSeix Barral, _c1971. |
||
| 300 |
_a363 páginas ; _c20 cm. |
||
| 505 | _aContenido: División del conjunto -- Distancia, aspecto, origen -- Drama, poema, novela... | ||
| 650 |
_aMarx _94291 |
||
| 650 |
_aSocialismo _91037 |
||
| 700 |
_aNarcís, Salvador Oliva (traducido) _943019 |
||
| 700 |
_aDolors Oller, Comadira y (traducido) _943020 |
||
| 942 |
_2ddc _cLIBROS |
||
| 945 |
_adavv _d2019-05-31 |
||